000 00240nam a2200097Ia 4500
008 190216s9999||||xx |||||||||||||| ||und||
100 _aWarier B S
245 0 _aVaithyutha Engineering Padarthangal
260 _bKerala Basha Inst
942 _cBK
999 _c37771
_d37771